World Christianity and the unfinished task : (Record no. 1653)

MARC details
000 -LEADER
fixed length control field 02099cam a22003377i 4500
001 - CONTROL NUMBER
control field data
005 - DATE AND TIME OF LATEST TRANSACTION
control field 20260322212111.0
008 - FIXED-LENGTH DATA ELEMENTS--GENERAL INFORMATION
fixed length control field data
035 ## - SYSTEM CONTROL NUMBER
System control number 22455588
010 ## - LIBRARY OF CONGRESS CONTROL NUMBER
LC control number 2021278244
020 ## - INTERNATIONAL STANDARD BOOK NUMBER
International Standard Book Number 9781725266537
Qualifying information (paperback)
035 ## - SYSTEM CONTROL NUMBER
System control number (OCoLC)1251804966
040 ## - CATALOGING SOURCE
Original cataloging agency EXN
Language of cataloging eng
Description conventions rda
Transcribing agency EXN
Modifying agency DLC
-- OCLCF
-- LNT
-- KAT
-- DLC
042 ## - AUTHENTICATION CODE
Authentication code lccopycat
050 00 - LIBRARY OF CONGRESS CALL NUMBER
Classification number BV2061.3
Item number .Y67 2021
100 1# - MAIN ENTRY--PERSONAL NAME
Personal name Young, F. Lionel
Fuller form of name (Fleetwood Lionel),
Titles and words associated with a name III,
Relator term author.
245 10 - TITLE STATEMENT
Title World Christianity and the unfinished task :
Remainder of title a very short introduction /
Statement of responsibility, etc. F. Lionel Young III ; foreword by Muthuraj Swamy.
264 #1 - PRODUCTION, PUBLICATION, DISTRIBUTION, MANUFACTURE, AND COPYRIGHT NOTICE
Place of production, publication, distribution, manufacture Eugene, Oregon :
Name of producer, publisher, distributor, manufacturer Cascade Books,
Date of production, publication, distribution, manufacture, or copyright notice [2021]
300 ## - PHYSICAL DESCRIPTION
Extent xiv, 154 pages ;
Dimensions 22 cm.
336 ## - CONTENT TYPE
Content type term text
Content type code txt
Source rdacontent
337 ## - MEDIA TYPE
Media type term unmediated
Media type code n
Source rdamedia
338 ## - CARRIER TYPE
Carrier type term volume
Carrier type code nc
Source rdacarrier
504 ## - BIBLIOGRAPHY, ETC. NOTE
Bibliography, etc. note Includes bibliographical references (pages 131-148) and index.
520 ## - SUMMARY, ETC.
Summary, etc. This book is a short introduction to one of the most remarkable transformations in the modern world that many people still do not know about. In 1900 more than 80 percent of the world's Christians lived in Europe and North America and nearly all of the world's missionaries were sent out "from the West to the rest." In a dramatic turn of events Christianity experienced a decidedly "Southern shift" during the twentieth century. Today nearly 70 percent of the world's 2.5 billion Christians live in Africa, Asia, and Latin America, while nearly half of all missionaries are being sent out into all the world from places like Brazil, Ethiopia, and South Korea. This book is intended to change the way readers think about the church and challenge the way Western Christians engage in contemporary missions. -- back cover.
650 #0 - SUBJECT ADDED ENTRY--TOPICAL TERM
Topical term or geographic name entry element Missions.
650 #7 - SUBJECT ADDED ENTRY--TOPICAL TERM
Topical term or geographic name entry element Missions.
Source of heading or term fast
Authority record control number or standard number (OCoLC)fst01023771
700 1# - ADDED ENTRY--PERSONAL NAME
Personal name Swamy, Muthuraj,
Relator term writer of foreword.
906 ## - LOCAL DATA ELEMENT F, LDF (RLIN)
a 7
b cbc
c copycat
d 2
e ncip
f 20
g y-gencatlg
925 0# -
-- acquire
-- 1 shelf copy
-- policy default
Holdings
Withdrawn status Lost status Damaged status Not for loan Home library Current library Shelving location Date acquired Total checkouts Full call number Barcode Date last seen Price effective from Koha item type
        Institut Protestant de Théologie Institut Protestant de Théologie General stacks 22/03/2026   BV2061.3 LOC-IPT-00044 22/03/2026 22/03/2026 Books